Statistics for Christmas Specials 2022 #1: Top 10 highest grossing Christmas films

Click here to take the quiz!

General Stats

  • This quiz has been taken 27 times
  • The average score is 5 of 10

Answer Stats

RankGrossRelease YearAnswer% Correct
8$225K2003Elf
92%
2$476K1990Home Alone
92%
1$511K2018The Grinch
63%
7$245K2003Love Actually
46%
10$190K1994The Santa Clause
46%
6$315K2004Polar Express
42%
5$325K2009A Christmas Carol
33%
9$205K2006The Holiday
25%
3$358K1992Home Alone 2: Lost In New York
17%
4$345K2000Dr Seuss' How The Grinch Stole Christmas
4%

Score Distribution

Percentile by Number Answered

Percent of People with Each Score

Your Score History

You have not taken this quiz